La mala sombra /
Na minha lista:
| Autor principal: | |
|---|---|
| Formato: | Desconhecido |
| Idioma: | Spanish |
| Publicado em: |
El Salvador, San Salvador:
Ministerio de Cultura San Salvador,
1960
|
| Edição: | 3. edición |
| Colecção: | Colección Caballito de Mar ;
2 |
| Assuntos: | |
| Tags: |
Adicionar Tag
Sem tags, seja o primeiro a adicionar uma tag!
|
MARC
| LEADER | 000000000a22000000004500 | ||
|---|---|---|---|
| 001 | 000566 | ||
| 008 | 140729s1960 es f |||| 000 1 spa d | ||
| 041 | 0 | |a español | |
| 082 | |a CR863.4 |b G2165ma3 | ||
| 100 | 1 | |a García Monge, Joaquín, |d 1881-1958 | |
| 245 | 1 | 3 | |a La mala sombra / |c Joaquín García Monge |
| 250 | |a 3. edición | ||
| 260 | |a El Salvador, San Salvador: |b Ministerio de Cultura San Salvador, |c 1960 | ||
| 300 | |a 43 páginas | ||
| 490 | 0 | |a Colección Caballito de Mar ; |v 2 | |
| 500 | |a Número de inscripción 00416 | ||
| 650 | 4 | |9 76 |a LITERATURA COSTARRICENSE |v CUENTOS | |
| 942 | |2 ddc |c BK | ||
| 999 | |c 1357 |d 1357 | ||
